000 00334nam a2200157Ia 4500
005 20250603145245.0
008 250603s9999 xx 000 0 und d
050 _aKP 35 .A41/
245 0 _aLaws of Anambra state
260 _aEnugu
260 _bSunkraft
260 _c1991
300 _a592 p
650 _aEnugu
942 _cBK
999 _c41332
_d41332